| 000 | 01741nam0a22003491 4500 | ||
|---|---|---|---|
| 001 | v19\rc\1864913 | ||
| 005 | 20250619160457.0 | ||
| 035 | _a(NLR Aleph) 004957479 | ||
| 090 |
_a5948037 _c5948037 |
||
| 100 | _a20080221d1909 |||y0rusy50 ca | ||
| 101 | 0 | _arus | |
| 102 | _aRU | ||
| 105 | _ay z ||||| | ||
| 200 | 1 |
_aНесколько родственных фамилий XVIII и XIX стол.: Браше, Ержемские, Крубер, Лазовские, Ловейко, Рюдигер, Шлиппе _eКурс. работа по Каф. генеалогии при Моск. археол. ин-те за 1909/10 г. Курсовая работа по Кафедре генеалогии при Московском археол. ин-те за 1909/10 г. _fВ. Чернопятов |
|
| 210 |
_a[Москва] _d1909 |
||
| 215 |
_a43 с. _d26 |
||
| 300 | _aОписано по обл. На тит. л. только подзаг., авт. и г. изд. | ||
| 532 | 1 | 1 | _aНесколько родственных фамилий восемнадцатого и девятнадцатого столетий: Браше, Бржемские, Крубер, Лазовские, Ловейко, Рюдигер, Шлиппе |
| 700 | 1 |
_aЧернопятов _bВ.А. _gВладимир Александрович |
|
| 702 | 1 |
_aБраше _4570 |
|
| 702 | 1 |
_aЕржемские _4570 |
|
| 702 | 1 |
_aКрубер _4570 |
|
| 702 | 1 |
_a!Лазовские _4570 |
|
| 702 | 1 |
_a!Ловейко _4570 |
|
| 702 | 1 |
_a!Рюдигер _4570 |
|
| 702 | 1 |
_aШлиппе _4570 |
|
| 801 | 0 |
_aRU _bNLR _gpsbo |
|
| 801 | 1 |
_aRU _bProSoft-M _2rusmarc |
|
| 852 |
_aNLR _j66-7/1333 |
||
| 942 | _cBOOK | ||
| 980 | _aNB | ||
| 980 | _aGENEAL01 | ||